000 00670nam a2200277Ia 4500
005 20260324150817.0
008 008 260324s9999 xx 000 0 eng d
020 _a9781351242851
037 _aEBOOK
040 _aCRL
040 _beng
040 _cCRL
041 _2eng
041 _aeng
084 _qCRL
100 _aPoolla Tirupati Raju
_91227692
245 0 _aRevival: Thought and Reality - Hegelianism and Advaita (1937)
260 _bTaylor and Francis
260 _c1937
365 _a
365 _b300
856 _uhttp://www.taylorfrancis.com/books/9781351242851
942 _cEBOOK
999 _c1837817
_d1837817